Point d'avenir sans nous - La reine des Neiges 2 (Paroles) - Statistiques

Statistiques générales
  • Ce quiz a été pris 145 fois
    131 depuis la dernière actualisation
  • Le résultat moyen est 264 sur 355
Statistiques - réponses
Personnage Paroles % Correct
nous
96%
sans
95%
Il
94%
le
93%
Anna | Chœurs Le
93%
ne
93%
à
91%
se
91%
d'avenir
90%
point
90%
Elsa | Kristof | Olaf Point
90%
ce
89%
Sven? Ce
89%
de
89%
je
89%
Elsa | Kristof Je
89%
les
89%
Les
89%
ma
89%
plus
89%
du
88%
la
88%
La
88%
vie
88%
Anna Moi
86%
moi
86%
vent
86%
Chœurs | Olaf Et
85%
et
85%
Pour
85%
pour
85%
C'est
84%
c'est
84%
Anna | Kristof Oui
84%
que
84%
qui
84%
Tu
84%
tu
84%
fort
83%
jours
83%
Nord
83%
rien
83%
ta
83%
t'a
83%
un
83%
change
81%
n'est
81%
pas
81%
Pas
81%
tout
81%
vient
81%
rend
80%
ressemblent
80%
dans
79%
main
78%
Mon
78%
mon
78%
demande
77%
fiancée
77%
mienne
77%
toujours
77%
bruit
75%
lève
75%
suis
75%
bien
74%
si
74%
belle
73%
cet
73%
reste
73%
souffle
73%
dit
72%
fin
72%
soir
72%
fais
70%
feuille
70%
Mais
70%
sont
70%
toi
70%
Tous
70%
tous
70%
vieux
70%
elle
69%
l'été
69%
passé
69%
qu'un
69%
Sven
69%
Citrouille
68%
déjà
68%
fidèle
68%
l'organisation
68%
partis
68%
qu'on
68%
d'adresse
67%
j'admirais
67%
Monsieur
67%
roi
67%
ai
65%
atout
65%
l'avenir
65%
L'avenir
65%
meilleur
65%
vous
65%
d'engrais
64%
est
64%
manque
64%
mieux
64%
placé
64%
précision
64%
Comme
63%
devenu
63%
j'entends
63%
mur
63%
n'ai
63%
y
63%
appeler
62%
l'hiver
62%
pierre
62%
qu'est
60%
résiste
60%
éternel
59%
Jamais
59%
Sven? Laisse
59%
nuages
59%
rêvé
59%
vents
59%
vrai
59%
en
58%
instant
58%
nouvelle
58%
officielle
58%
rester
58%
sera
58%
s'était
58%
toute
58%
amas
57%
debout
57%
quoi
57%
temps
57%
d'une
56%
ère
56%
On
56%
qu'il
56%
rage
56%
refrain
56%
m'aides
54%
moment
54%
peux
54%
renne
54%
soufflent
54%
vivre
54%
advienne
53%
aussi
53%
compris
53%
faire
53%
sur
53%
jouer
52%
j'y
52%
quand
52%
d'yeux
51%
m'engage
51%
va
51%
arrêter
49%
faut
49%
mets
49%
royaume
49%
avait
48%
figerais
48%
promis
48%
reprennent
48%
sort
48%
N'ont-ils
47%
romantiques
47%
S'il
47%
d'Arendelle
46%
décide
46%
veiller
43%
remercier
42%
très
42%
ami
41%
nuit
41%
s'aimera
41%
présent
38%
bout
37%
avant
36%
Oublie
36%
danser
35%
jusqu'au
35%
chance
33%
bienvenue
32%
venez
31%
durer
30%
Oh
26%
s'enfuit
25%
Ah
23%
Aucun quiz correspondant
Distribution des résultats
% des personnes avec chaque résultat
Percentile par nombre de réponses
Votre historique - résultats
Vous n’avez pas pris ce quiz depuis la dernière actualisation